| 000 | 00431nam a2200157 i 4500 | ||
|---|---|---|---|
| 001 | 76233 | ||
| 003 | ES-MaACL | ||
| 005 | 20230906172750.0 | ||
| 007 | t| | ||
| 008 | 040930s1969 sp ||||1| spa d | ||
| 100 | 1 |
_aGuerrero López, Eustaquio. _960575 |
|
| 245 | 1 | 0 |
_aTeilhard de Chardin / _cEustaquio Guerrero López. |
| 260 |
_aMadrid : _bStudium, _c1969. |
||
| 300 |
_a179 p. ; _c19 cm. |
||
| 852 |
_aES-MaACL _jC-50695 _bR.71932 |
||
| 999 |
_c76233 _d76233 |
||